Turbina hidraúlica de flujo axial

Збережено в:
Бібліографічні деталі
Автор: Alvarez González, Oliden
Формат: Книга
Опубліковано: San José, Costa Rica 1987
Предмети:
Теги: Додати тег
Немає тегів, Будьте першим, хто поставить тег для цього запису!

MARC

LEADER 00000nam a2200000Ia 4500
003 005250
005 20221231144326.0
008 140114s1987 cr a m 000 ||s d
040 |c cru CEDI 
090 |a TFG 2502 
100 |a Alvarez González, Oliden  |9 12614 
245 |a Turbina hidraúlica de flujo axial  
260 |c 1987  |a San José, Costa Rica 
300 |a  87 hojas : ilustraciones (algunas plegables) ; 28 cm  
500 |a Proyecto de graduación (bachillerato en ingeniería mecánica)--Universidad de Costa Rica. Facultad de Ingeniería. Escuela de Ingeniería Mecánica 
650 |x TURBINAS HIDRAULICAS  |9 12616 
942 |c TFG  |2 ddc 
999 |c 20184  |d 20184